Word Ladder: The Great Guitar Solos Quiz Stats

 Plays Quiz Updated Apr 29, 2018

Challenge
Share
Tweet
Embed
Score 0/54 Timer 06:00
0 Plays Today
Hint 4-letter word % Correct
Grizzly, e.g.BEAR
97.8%
#26: Kurt Cobain (Nirvana), Smells Like ____ SpiritTEEN
97.4%
Kelly Clarkson's 'Since U ___ Gone'BEEN
97%
Sudsy beverageBEER
96.7%
Golf ball holdersTEES
96.5%
'I'd Do Anything for Love' singer ___ LoafMEAT
96.3%
Uno y dosTRES
96%
Actor's part in a playROLE
94.8%
It follows 'Chicken Chow' or precedes 'Kampf'MEIN
94.6%
#6: Slash (Guns 'n' Roses), November ____RAIN
94.5%
Average or median numberMEAN
94.4%
It can be deciduous or coniferousTREE
94%
#37: Slash (Guns 'n' Roses), Sweet Child O' ____MINE
93.8%
Singer Nat KingCOLE
93.8%
#38: Jimmy Page (Led Zeppelin), Whole Lotta ____LOVE
93.7%
#45: Robby Krieger (The Doors), Light My ____FIRE
93.5%
The Rolling Stones' singer JaggerMICK
93.3%
Steel bar of train trackRAIL
92.8%
Golfer's warning shoutFORE
92.3%
Clinton VP AlGORE
92.2%
#33: B. B. King, The Thrill is ____GONE
91.9%
Three visually-impaired rodentsMICE
91.8%
SoloLONE
91.8%
Most importantMAIN
91.7%
Asian staple foodRICE
90.8%
Char surfaceSEAR
90.7%
Moving air currentWIND
88.6%
Hint 4-letter word % Correct
Become wearyTIRE
87.2%
Spanish auto manufacturerSEAT
86.6%
Tie tightly togetherBIND
86.3%
Common name for rhinopharyngitisCOLD
85.5%
Point connectorLINE
83.7%
Courtney Love's bandHOLE
82.6%
Immediately, to a doctorSTAT
82.5%
Jazz pianist Jelly ____ MortonROLL
82.2%
#15: Ritchie Blackmore (Deep Purple), Highway ____STAR
81.7%
#31: Ted Nugent, Strangle____HOLD
80.6%
Wash, batheLAVE
80.1%
Disturb or disquietROIL
79.8%
'Super Freak' singer JamesRICK
79%
#3: Allen Collins and Gary Rossington (Lynyrd Skynyrd),
____ [Last Rung]
FREE
75.1%
#24: Kirk Hammet (Metallica), ____ to BlackFADE
72.4%
Most-liked, slangilyFAVE
70.1%
'The ___ of the Ancient Mariner'RIME
68%
#3: Allen Collins and Gary Rossington (Lynyrd Skynyrd),
[First Rung] ____
BIRD
67.3%
#21: David Gilmour (Pink Floyd), ____TIME
67%
NASCAR driver YarboroughCALE
64.5%
Crescent-shaped figureLUNE
64.1%
#25: Martin Barre (Jethro Tull), Aqua____LUNG
58.5%
#41: Brian May (Queen), Brighton ____ROCK
55.6%
Abandoned to be raised not by the motherCADE
54.7%
Alice's 'turtle' friendMOCK
54.6%
#18: Jimi Hendrix, Little ____WING
52.9%
Fish in the cod familyLING
49.3%

Today's Daily Dose

Missing Word
Hayao Miyazaki

Word Ladder
Florida

On This Day
December 13th II

You're not logged in!

Compare scores with friends on all Sporcle quizzes.
OR
Log In

You Might Also Like...

Show Comments

Extras

Top Quizzes Today


Score Distribution

Your Account Isn't Verified!

In order to create a playlist on Sporcle, you need to verify the email address you used during registration. Go to your Sporcle Settings to finish the process.

Report this User

Report this user for behavior that violates our Community Guidelines.

Details: